000
00284nam a22001217a 4500
008
181123b xxu||||| |||| 00| 0 eng d
041
_a
eng
080
_a
043.3
100
_a
0
101
_a
BTH-SI
245
_a
Përgatitja e Organizatës për ERP
_c
Bajraktari,F,M
942
_2
udc
_c
BK
999
_c
52453
_d
52453